00349nam a2200121Ia 4500008004100000020002200041041000800063082002400071100001300095245006400108260004600172300000900218230411s9999 xx 000 0 und d a978-81-8450-192-6 aeng aAD/610.6/GOE/B05891 aGoel S L aResources of Health Care System and Hospital Administration bDeep & Deep PublicationsaNew Delhic2010 a338p